Fundamentals of Biochemistry (Record no. 51092)
[ view plain ]
| 000 -LEADER | |
|---|---|
| fixed length control field | 00430nam a2200145Ia 4500 |
| 008 - FIXED-LENGTH DATA ELEMENTS--GENERAL INFORMATION | |
| fixed length control field | 211109s9999||||xx |||||||||||||| ||und|| |
| 082 ## - DEWEY DECIMAL CLASSIFICATION NUMBER | |
| Classification number | 572 |
| Item number | SHA-F |
| 100 ## - MAIN ENTRY--PERSONAL NAME | |
| Personal name | Shanmugam, Ambika |
| 245 #0 - TITLE STATEMENT | |
| Title | Fundamentals of Biochemistry |
| 260 ## - PUBLICATION, DISTRIBUTION, ETC. | |
| Name of publisher, distributor, etc. | Oxford University Press |
| Place of publication, distribution, etc. | Madras |
| Date of publication, distribution, etc. | 1996 |
| 300 ## - PHYSICAL DESCRIPTION | |
| Extent | 669 |
| 630 ## - SUBJECT ADDED ENTRY--UNIFORM TITLE | |
| General subdivision | General stack |
| 650 ## - SUBJECT ADDED ENTRY--TOPICAL TERM | |
| Topical term or geographic name entry element | Biochemistry |
| 942 ## - ADDED ENTRY ELEMENTS (KOHA) | |
| Koha item type | BOOK |
| 650 ## - SUBJECT ADDED ENTRY--TOPICAL TERM | |
| Form subdivision | Life sciences; biology |
| General subdivision | Natural sciences & mathematicsBotany |
| Withdrawn status | Lost status | Damaged status | Not for loan | Home library | Current library | Date acquired | Cost, normal purchase price | Total Checkouts | Full call number | Barcode | Shelving location | Date last seen | Date last checked out | Price effective from | Koha item type |
|---|---|---|---|---|---|---|---|---|---|---|---|---|---|---|---|
| SB LIBRARY | SB LIBRARY | 09/11/2021 | 100.00 | 1 | 572 SHA-F | 00093298 | GENERAL STACK | 30/01/2024 | 29/01/2024 | 09/11/2021 | BOOK |